| 000 | 00818nam a2200217Ia 4500 | ||
|---|---|---|---|
| 001 | 15570 | ||
| 005 | 20260318174154.0 | ||
| 008 | 260306t2018||||xx |||||||||||||| ||und|| | ||
| 041 | _aESP | ||
| 082 |
_a547 _bM12 2018 |
||
| 100 |
_aMcMurry, John, _eAUT |
||
| 245 | 0 | _aQuímica orgánica | |
| 260 | _c2018 | ||
| 300 |
_axxx, 1054 páginas : _c27 cm. |
||
| 650 | _aGEN | ||
| 654 | _aCCN | ||
| 856 |
_uhttps://itmsp.museknowledge.com/UCSP?url=https://www.ebooks7-24.com:443/?il=5149&pg=1 _zVersión digital |
||
| 856 |
_uhttps://0u213t1f8-y-https-ebooks7--24-com.itmsp.museknowledge.com/biblioteca.aspx _zVéase además: Base de datos Ebook7-24 |
||
| 856 |
_uhttps://0u20ft1fa-y-https-research-ebsco-com.itmsp.museknowledge.com/c/qxo6us/search _zVéase además: Base de datos EBSCOhost |
||
| 942 |
_cLIB _dJUS _fJUS _2ddc |
||
| 999 |
_c15570 _d15570 |
||